A year with the bible : (Record no. 12336)
[ view plain ]
| 000 -LEADER | |
|---|---|
| fixed length control field | 00631nam a22002057a 4500 |
| 003 - CONTROL NUMBER IDENTIFIER | |
| control field | OSt |
| 005 - DATE AND TIME OF LATEST TRANSACTION | |
| control field | 20140310182350.0 |
| 008 - FIXED-LENGTH DATA ELEMENTS--GENERAL INFORMATION | |
| fixed length control field | 130928t xxu||||| |||| 00| 0 eng d |
| 020 ## - INTERNATIONAL STANDARD BOOK NUMBER | |
| International Standard Book Number | 074594003X |
| 020 ## - INTERNATIONAL STANDARD BOOK NUMBER | |
| International Standard Book Number | 0732413419 |
| 050 ## - LIBRARY OF CONGRESS CALL NUMBER | |
| Classification number | BS 511.2 |
| Item number | .Id19 1946 |
| 082 ## - DEWEY DECIMAL CLASSIFICATION NUMBER | |
| Classification number | GS 220.61 |
| Item number | Id4 1995 |
| 100 ## - MAIN ENTRY--PERSONAL NAME | |
| Personal name | Idle, Christopher |
| 9 (RLIN) | 22131 |
| 245 ## - TITLE STATEMENT | |
| Title | A year with the bible : |
| Statement of responsibility, etc | by Christopher Idle. |
| Remainder of title | an all-in-one reading guide / |
| 260 ## - PUBLICATION, DISTRIBUTION, ETC. (IMPRINT) | |
| Place of publication, distribution, etc | Oxford, England : |
| Name of publisher, distributor, etc | Sandy Lane Books, |
| Date of publication, distribution, etc | 1946. |
| 300 ## - PHYSICAL DESCRIPTION | |
| Extent | 384 p. : |
| Other physical details | col. : ill. ; |
| Dimensions | 22 cm. |
| 650 ## - SUBJECT ADDED ENTRY--TOPICAL TERM | |
| Topical term or geographic name as entry element | Bible |
| General subdivision | Study and teaching. |
| 9 (RLIN) | 22132 |
| 942 ## - ADDED ENTRY ELEMENTS (KOHA) | |
| Source of classification or shelving scheme | Library of Congress Classification |
| Koha item type | |
| Withdrawn status | Lost status | Source of classification or shelving scheme | Damaged status | Home library | Current library | Shelving location | Date acquired | Total Checkouts | Full call number | Barcode | Date last seen | Copy number | Price effective from | Koha item type |
|---|---|---|---|---|---|---|---|---|---|---|---|---|---|---|
| Library of Congress Classification | Luxembourg Library | Luxembourg Library | Grade School Section | 09/28/2013 | BS 511.2 .Id19 1946 | 4681 | 09/28/2013 | 1 | 09/28/2013 | Books |